000 00206 a2200097 4500
001 12653
100 _aSohail Afzal
245 _aManual of Cost Accounting
260 _a
_bWest Pak
_c
090 _c9650
_d9650
942 _aNUST-CAE
_cM
_c36545
999 _c247726
_d247726